00994cam a22002414a 450000500170000000800410001701000150005802000150007304000500008804100080013810000290014624501340017526000450030930000330035450000990038750000210048665000220050765000280052965000440055765000400060170000370064171000740067820160613120728.0160613s2005 ck a fr 001 0 spa d a2005428993 a9588258030 aCO-BoUCMbspacSandra PalaciodSandra Palacio0 aspa1 aOrejuela Díaz, Libardo10aLista en mano bde las listas negras a la lista Clinton cLibardo Orejuela Díaz ; prólogo y entrevistas, Jotamario Arbeláez aBogotá (Colombia)bEdiciones SEMc2005 a167 páginasbilustraciones a"Este libro está avalado por el Comité Permanente por la Defensa de los Derechos Humanos." aIncluye índice71aDerechos humanos  7aPersecucionesxHistoria72aPersecuciones a los judíos xHistoria72aPersecuciones religiosas xHistoria1 aArbeláez, Jotamarioeprólogo2 aComité Permanente por la Defensa de los Derechos Humanos (Colombia)